Side-effect of acaricides and insecticides to predatory mites (Acari: Phytoseiidae) found in rubber trees in mid-west Brazil (Record no. 68678)

MARC details
000 -LEADER
fixed length control field 00498nam a2200169Ia 4500
100 ## - MAIN ENTRY--AUTHOR NAME
Personal name Ferla N J
245 #0 - TITLE STATEMENT
Title Side-effect of acaricides and insecticides to predatory mites (Acari: Phytoseiidae) found in rubber trees in mid-west Brazil
260 ## - PUBLICATION, DISTRIBUTION, ETC. (IMPRINT)
Name of publisher Ciencia Rural
Year of publication 2006
300 ## - PHYSICAL DESCRIPTION
Number of Pages 357-362
650 ## - SUBJECT ADDED ENTRY--TOPICAL TERM
Topical Term Biological control
650 ## - SUBJECT ADDED ENTRY--TOPICAL TERM
Topical Term Insecticides
650 ## - SUBJECT ADDED ENTRY--TOPICAL TERM
Topical Term Pesticides
700 ## - ADDED ENTRY--PERSONAL NAME
Personal name Moraes G J de
856 ## - ELECTRONIC LOCATION AND ACCESS
Uniform Resource Identifier CAB CD
942 ## - ADDED ENTRY ELEMENTS (KOHA)
Koha item type Journals
Holdings
Withdrawn status Lost status Damaged status Not for loan Home library Current library Shelving location Date acquired Serial Enumeration / chronology Koha item type
      Journals RRII Library RRII Library Mycology 16/10/2006 Volume 36, Issue 2 Journals